000 00329 a2200157 4500
001 194560
020 _a978-85-9526-015-3
040 _cMagnum
100 _aFigueiredo, Janaina de
240 1 0 _aNós de Axé
_lpor
245 1 0 _aNós de Axé
300 _a40
362 0 _a2018
697 _aLITERATURA INFANTO
942 _cBK
999 _c194560
_d194560